[Event "CAN-ch Int"]
[Site "Contrecoeur"]
[Date "2022.10.09"]
[Round "5"]
[White "Chabot, Roland"]
[Black "Latorre, Vincent"]
[Result "1/2-1/2"]
[WhiteElo "2111"]
[BlackElo "1960"]
[PlyCount "60"]
[EventDate "2022.10.07"]
[EventType "swiss"]
[EventRounds "5"]
[EventCountry "CAN"]
[SourceTitle "CBM 210 Extra"]
[Source "ChessBase"]
[SourceDate "2022.11.30"]
[SourceVersion "1"]
[SourceVersionDate "2022.11.30"]
[SourceQuality "1"]

1. d4 Nf6 2. Bg5 c5 3. d5 Ne4 4. h4 Qb6 5. Nd2 Nxd2 6. Bxd2 Qxb2 7. Nf3 e6 8. e4 Qb6 9. Rb1 Qc7 10. c4 e5 11. h5 d6 12. Bd3 Be7 13. Nh2 h6 14. Nf1 Nd7 15. Ne3 Nf6 16. Qf3 Rb8 17. a4 Bd7 18. Bc2 0-0 19. g3 b6 20. 0-0 a6 21. Qe2 Rb7 22. Rb2 Rfb8 23. Rfb1 Qc8 24. Nf5 Bxf5 25. exf5 b5 26. axb5 axb5 27. cxb5 Bd8 28. Be4 Qd7 29. Kg2 Bb6 30. g4 Nxe4 1/2-1/2

[Event "CAN-ch International"]
[Site "Longueuil"]
[Date "2019.10.13"]
[Round "5"]
[White "Hirschberg, Valerian"]
[Black "Chabot, Roland"]
[Result "1-0"]
[WhiteElo "2266"]
[BlackElo "2168"]
[PlyCount "83"]
[EventDate "2019.10.11"]
[EventType "swiss"]
[EventRounds "5"]
[EventCountry "CAN"]
[SourceTitle "CBM 192 Extra"]
[Source "Chessbase"]
[SourceDate "2019.11.06"]
[SourceVersion "1"]
[SourceVersionDate "2019.11.06"]
[SourceQuality "1"]

1. Nf3 d6 2. d4 Nf6 3. g3 Nbd7 4. c4 e5 5. Nc3 Be7 6. Bg2 0-0 7. 0-0 c6 8. e4 a6 9. a4 a5 10. h3 Re8 11. Be3 exd4 12. Nxd4 Nc5 13. Nb3 Nfd7 14. Nd4 g6 15. Qc2 Bf8 16. Rfd1 Qc7 17. Rd2 Ne5 18. b3 Qb6 19. f4 Ned7 20. Bf2 Bg7 21. Rb1 Qc7 22. Nde2 Bf8 23. Rbd1 b6 24. g4 Bb7 25. g5 Rad8 26. h4 Nb8 27. h5 Nba6 28. Na2 Bc8 29. h6 Bg4 30. Bd4 Ne6 31. Ba1 c5 32. Qc3 Nd4 33. Nxd4 cxd4 34. Rxd4 f6 35. Rf1 Be7 36. Rd5 Rf8 37. f5 Rf7 38. fxg6 hxg6 39. gxf6 Bf8 40. Qg3 Bxh6 41. Qxg4 Be3+ 42. Kh2 1-0

[Event "Trois-Rivieres Mauricie op"]
[Site "Trois Rivieres"]
[Date "2019.03.15"]
[Round "1.3"]
[White "Chabot, Roland"]
[Black "Dukic, Zachary"]
[Result "0-1"]
[WhiteElo "2159"]
[BlackElo "2389"]
[PlyCount "90"]
[EventDate "2019.03.15"]
[EventType "swiss"]
[EventRounds "5"]
[EventCountry "CAN"]
[SourceTitle "EXT 2022"]
[Source "ChessBase"]
[SourceDate "2021.10.06"]
[SourceVersion "1"]
[SourceVersionDate "2021.10.06"]
[SourceQuality "1"]

1. d4 Nf6 2. c4 g6 3. Nc3 Bg7 4. e4 d6 5. f4 c5 6. d5 0-0 7. Nf3 e6 8. dxe6 Bxe6 9. Bd3 Nc6 10. 0-0 Nd4 11. Nxd4 cxd4 12. Nb5 a6 13. Na3 Re8 14. f5 Bd7 15. Bg5 h6 16. Bxf6 Bxf6 17. fxg6 fxg6 18. e5 dxe5 19. Bxg6 Rf8 20. Qh5 Bg5 21. Bf7+ Kh8 22. h4 Be3+ 23. Kh1 Qe7 24. Rae1 Bg4 25. Qxg4 Rxf7 26. Nc2 Rg8 27. Qh5 Rxf1+ 28. Rxf1 Bf4 29. Rf3 Qh7 30. Ne1 Qb1 31. Rf1 Qg6 32. Qxg6 Rxg6 33. Nd3 Bg3 34. Rf8+ Kg7 35. Rb8 Rb6 36. Re8 Kf7 37. Rd8 e4 38. Rxd4 exd3 39. Rxd3 Bxh4 40. g3 Be7 41. b3 Rd6 42. Rf3+ Kg6 43. Re3 Bg5 44. Re2 Rd1+ 45. Kg2 Rd2 0-1

[Event "Montreal CMA Futurity ABCD"]
[Site "Montreal"]
[Date "2017.02.11"]
[Round "3"]
[White "Masse, Hugues"]
[Black "Chabot, Roland"]
[Result "0-1"]
[WhiteElo "2179"]
[BlackElo "2152"]
[PlyCount "61"]
[EventDate "2017.02.10"]
[EventType "swiss"]
[EventRounds "5"]
[EventCountry "CAN"]
[SourceTitle "EXT 2022"]
[Source "ChessBase"]
[SourceDate "2021.10.06"]
[SourceVersion "1"]
[SourceVersionDate "2021.10.06"]
[SourceQuality "1"]

1. d4 g6 2. c4 Bg7 3. Nf3 d6 4. g3 c5 5. d5 b5 6. cxb5 Qa5+ 7. Bd2 Qxb5 8. Nc3 Qb6 9. Bg2 Nf6 10. 0-0 0-0 11. Qc2 Na6 12. a3 Rb8 13. Rab1 Bd7 14. e4 Ng4 15. Bf4 f5 16. Nd2 fxe4 17. Bxe4 Nf6 18. Nc4 Qc7 19. Bd3 Bh3 20. Rfe1 Ng4 21. Re2 Qd7 22. f3 Nh6 23. Qd2 Nf5 24. Bxf5 Qxf5 25. Ne3 Qf7 26. Ne4 h6 27. Nf2 Bd7 28. Neg4 g5 29. Bxg5 Qg6 30. Bxh6 Qxb1+ 31. Re1 0-1

[Event "Montreal Vendredi 01"]
[Site "Montreal"]
[Date "2017.01.27"]
[Round "3"]
[White "Chabot, Roland"]
[Black "Yu, Zong Yang"]
[Result "1/2-1/2"]
[WhiteElo "2209"]
[BlackElo "2487"]
[PlyCount "91"]
[EventDate "2017.01.13"]
[EventType "tourn"]
[EventRounds "3"]
[EventCountry "CAN"]
[SourceTitle "EXT 2022"]
[Source "ChessBase"]
[SourceDate "2021.10.06"]
[SourceVersion "1"]
[SourceVersionDate "2021.10.06"]
[SourceQuality "1"]

1. d4 Nf6 2. c4 g6 3. Nc3 Bg7 4. e4 d6 5. h3 0-0 6. Nf3 e5 7. d5 Na6 8. Be3 Nh5 9. g3 f5 10. exf5 gxf5 11. Ng5 Qe8 12. Be2 Nf6 13. Qd2 Bd7 14. 0-0-0 c6 15. Ne6 Bxe6 16. dxe6 Rd8 17. Bxa7 Qxe6 18. Bb6 Rd7 19. g4 d5 20. g5 dxc4 21. Qc2 Rxd1+ 22. Rxd1 Nd7 23. Na4 Kh8 24. Bxc4 Qe7 25. h4 Nxb6 26. Nxb6 Nc5 27. b4 Ne4 28. a3 Rd8 29. f3 Rxd1+ 30. Qxd1 Nd6 31. Ba2 e4 32. Qb3 Qd8 33. f4 Nb5 34. Nd7 Nc3 35. Ne5 Bxe5 36. fxe5 Ne2+ 37. Kb1 Nd4 38. Qf7 Nb5 39. Kc1 Nc3 40. Bb3 f4 41. g6 hxg6 42. Qxg6 Ne2+ 43. Kb1 Qd3+ 44. Bc2 Nc3+ 45. Kb2 Qd4 46. Qe8+ 1/2-1/2

[Event "Montreal Varennes op"]
[Site "Montreal"]
[Date "2016.10.09"]
[Round "4"]
[White "Chabot, Roland"]
[Black "Huang, Qiuyu"]
[Result "1-0"]
[WhiteElo "2168"]
[BlackElo "1969"]
[PlyCount "155"]
[EventDate "2016.10.07"]
[EventType "swiss"]
[EventRounds "5"]
[EventCountry "CAN"]
[SourceTitle "CBM 175 Extra"]
[Source "ChessBase"]
[SourceDate "2016.12.12"]
[SourceVersion "1"]
[SourceVersionDate "2016.12.12"]
[SourceQuality "1"]

1. d4 d5 2. c4 e6 3. Nc3 Be7 4. Nf3 Nf6 5. Bf4 c6 6. e3 Nbd7 7. Qc2 0-0 8. 0-0-0 dxc4 9. Bxc4 Nb6 10. Bd3 Nbd5 11. Nxd5 exd5 12. h3 Qa5 13. Kb1 Ne4 14. Nd2 Nxd2+ 15. Rxd2 h6 16. g4 c5 17. dxc5 Be6 18. Bh7+ Kh8 19. Bf5 Qxc5 20. Qxc5 Bxc5 21. Rc1 b6 22. a3 a5 23. Bc2 Rfd8 24. Be5 Bc8 25. Rcd1 Bb7 26. Bb3 Rd7 27. Bxd5 Rad8 28. e4 Bc6 29. Bc3 Ba4 30. b3 Rxd5 31. Rxd5 Rxd5 32. Rxd5 Bxb3 33. Rd8+ Kh7 34. Kb2 Bc4 35. Bd4 Bxd4+ 36. Rxd4 b5 37. a4 Bf1 38. axb5 Bxb5 39. h4 Be2 40. e5 Bf3 41. Rf4 Bd5 42. Ka3 g5 43. hxg5 hxg5 44. Rf6 Kg7 45. Ka4 Bb7 46. Kxa5 Bc8 47. f3 Bb7 48. Kb6 Bd5 49. Kc5 Bb3 50. Kd4 Bd1 51. Ke3 Ba4 52. Ra6 Bd7 53. Rf6 Ba4 54. Ke4 Bc2+ 55. Kd5 Bd1 56. Kd6 Be2 57. Ke7 Bc4 58. Rc6 Bd5 59. Rf6 Bc4 60. Kd7 Bb5+ 61. Kd6 Be2 62. Kc6 Bc4 63. Kc5 Bb3 64. Kb4 Bd5 65. Kc3 Ba2 66. Kd3 Bb3 67. Ke2 Bc4+ 68. Kf2 Bd5 69. Kg3 Bb7 70. Rd6 Bc8 71. f4 gxf4+ 72. Kxf4 Bb7 73. g5 Bc8 74. Rf6 Bd7 75. g6 fxg6 76. Kg5 Be8 77. e6 Kg8 78. Kh6 1-0

[Event "Montreal McGill Cup"]
[Site "Montreal"]
[Date "2016.05.01"]
[Round "4"]
[White "Bolduc, Steve"]
[Black "Chabot, Roland"]
[Result "1/2-1/2"]
[WhiteElo "2218"]
[BlackElo "2144"]
[PlyCount "48"]
[EventDate "2016.04.29"]
[EventType "swiss"]
[EventRounds "5"]
[EventCountry "CAN"]
[SourceTitle "CBM 172 Extra"]
[Source "ChessBase"]
[SourceDate "2016.06.21"]
[SourceVersion "1"]
[SourceVersionDate "2016.06.21"]
[SourceQuality "1"]

1. d4 e6 2. c4 f5 3. Nc3 Nf6 4. Bf4 b6 5. e3 Bb7 6. Nh3 Bb4 7. Qb3 a5 8. a3 Bxc3+ 9. Qxc3 d6 10. f3 Nbd7 11. Bd3 Qe7 12. Bg3 g6 13. 0-0 0-0 14. b4 e5 15. c5 axb4 16. axb4 dxc5 17. dxc5 bxc5 18. bxc5 Qxc5 19. Qxc5 Nxc5 20. Bb5 Rxa1 21. Rxa1 e4 22. Bxc7 exf3 23. gxf3 Rc8 24. Be5 Ncd7 1/2-1/2

[Event "Montreal McGill Cup"]
[Site "Montreal"]
[Date "2016.04.30"]
[Round "2"]
[White "Yao, Houji"]
[Black "Chabot, Roland"]
[Result "1/2-1/2"]
[WhiteElo "1925"]
[BlackElo "2144"]
[PlyCount "41"]
[EventDate "2016.04.29"]
[EventType "swiss"]
[EventRounds "5"]
[EventCountry "CAN"]
[SourceTitle "CBM 172 Extra"]
[Source "ChessBase"]
[SourceDate "2016.06.21"]
[SourceVersion "1"]
[SourceVersionDate "2016.06.21"]
[SourceQuality "1"]

1. e4 c5 2. Nf3 e6 3. d4 cxd4 4. Nxd4 a6 5. Bd3 g6 6. 0-0 Bg7 7. Be3 Ne7 8. c4 Nbc6 9. Nxc6 bxc6 10. Qd2 Rb8 11. Nc3 0-0 12. c5 f5 13. Rab1 Qc7 14. Ne2 fxe4 15. Bxe4 Nf5 16. Bf4 Be5 17. b4 Nh4 18. Bg3 Nf5 19. Bf4 Nh4 20. Bg3 Nf5 21. Bf4 1/2-1/2

[Event "Montreal Varennes op"]
[Site "Montreal"]
[Date "2015.11.09"]
[Round "5.6"]
[White "Pomerantz, Daniel"]
[Black "Chabot, Roland"]
[Result "1/2-1/2"]
[WhiteElo "2022"]
[BlackElo "2185"]
[PlyCount "26"]
[EventDate "2015.11.07"]
[EventType "swiss"]
[EventRounds "5"]
[EventCountry "CAN"]
[SourceTitle "EXT 2019"]
[Source "ChessBase"]
[SourceDate "2018.10.10"]
[SourceVersion "1"]
[SourceVersionDate "2018.10.10"]
[SourceQuality "1"]

1. e4 c5 2. Nf3 e6 3. d4 cxd4 4. Nxd4 Nf6 5. Bd3 Nc6 6. Nb3 d6 7. 0-0 Be7 8. f4 Qb6+ 9. Kh1 Qc7 10. c4 Nb4 11. Nc3 Nxd3 12. Qxd3 0-0 13. Be3 b6 1/2-1/2

[Event "Montreal Varennes op"]
[Site "Montreal"]
[Date "2015.11.08"]
[Round "2.6"]
[White "Chabot, Roland"]
[Black "Rodrigue Lemieux, Shawn"]
[Result "1/2-1/2"]
[WhiteElo "2185"]
[BlackElo "2013"]
[PlyCount "73"]
[EventDate "2015.11.07"]
[EventType "swiss"]
[EventRounds "5"]
[EventCountry "CAN"]
[SourceTitle "EXT 2019"]
[Source "ChessBase"]
[SourceDate "2018.10.10"]
[SourceVersion "1"]
[SourceVersionDate "2018.10.10"]
[SourceQuality "1"]

1. Nf3 Nf6 2. c4 e6 3. g3 d5 4. Bg2 Be7 5. 0-0 0-0 6. b3 c5 7. Bb2 Nc6 8. e3 Qc7 9. Nc3 Rd8 10. cxd5 exd5 11. d4 Bg4 12. Rc1 cxd4 13. exd4 Qb6 14. Na4 Qa6 15. a3 Ne4 16. h3 Bh5 17. g4 Bg6 18. Re1 Rac8 19. Bf1 b5 20. Nc5 Qb6 21. b4 a5 22. Qb3 axb4 23. axb4 Ng5 24. Nxg5 Bxg5 25. Rcd1 h5 26. Bg2 hxg4 27. hxg4 Qc7 28. Bxd5 Nxb4 29. Be4 Bxe4 30. Nxe4 Be7 31. Qg3 Qxg3+ 32. Nxg3 Bg5 33. d5 Rxd5 34. Rxd5 Nxd5 35. Re5 Bf6 36. Rxd5 Bxb2 37. Rxb5 1/2-1/2

[Event "Mercredi 2015.09.02 ABCD"]
[Site "Montreal"]
[Date "2015.09.16"]
[Round "3"]
[White "Chabot, Roland"]
[Black "Tremblay, Alain"]
[Result "1-0"]
[WhiteElo "2131"]
[BlackElo "2097"]
[PlyCount "63"]
[EventDate "2015.09.02"]
[EventType "tourn"]
[EventRounds "5"]
[EventCountry "CAN"]
[SourceTitle "EXT 2019"]
[Source "ChessBase"]
[SourceDate "2018.10.10"]
[SourceVersion "1"]
[SourceVersionDate "2018.10.10"]
[SourceQuality "1"]

1. c4 Nf6 2. Nc3 g6 3. e4 d6 4. d4 Bg7 5. f4 0-0 6. Nf3 Bg4 7. Be2 c5 8. d5 a6 9. 0-0 e6 10. h3 Bxf3 11. Bxf3 exd5 12. cxd5 Nbd7 13. g4 h6 14. h4 Nh7 15. g5 hxg5 16. hxg5 f6 17. gxf6 Qxf6 18. Bg4 Qd4+ 19. Kg2 Ndf6 20. Be6+ Kh8 21. Qf3 Nh5 22. Rh1 Bh6 23. Ne2 Qf6 24. Rxh5 gxh5 25. Qxh5 Rae8 26. Bf5 Rg8+ 27. Kh1 Qg7 28. Qh3 Nf6 29. Bd2 Nxe4 30. Bxe4 Rxe4 31. Bc3 Rd4 32. Nxd4 1-0

[Event "Mercredi 2015.09.02 ABCD"]
[Site "Montreal"]
[Date "2015.09.02"]
[Round "1"]
[White "Chabot, Roland"]
[Black "Lebeau, Gilbert"]
[Result "1-0"]
[WhiteElo "2131"]
[BlackElo "2103"]
[PlyCount "45"]
[EventDate "2015.09.02"]
[EventType "tourn"]
[EventRounds "5"]
[EventCountry "CAN"]
[SourceTitle "EXT 2019"]
[Source "ChessBase"]
[SourceDate "2018.10.10"]
[SourceVersion "1"]
[SourceVersionDate "2018.10.10"]
[SourceQuality "1"]

1. d4 d5 2. c4 c6 3. Nc3 Nf6 4. e3 e6 5. Nf3 Be7 6. Qc2 0-0 7. Bd2 Nbd7 8. g4 a6 9. g5 Nh5 10. Bd3 g6 11. 0-0-0 dxc4 12. Bxc4 b5 13. Be2 Bb7 14. Rhg1 c5 15. Kb1 Rc8 16. Ne5 cxd4 17. exd4 Nxe5 18. dxe5 b4 19. Bxh5 Qa5 20. Qa4 Be4+ 21. Ka1 bxc3 22. Qxa5 cxb2+ 23. Kxb2 1-0

[Event "McGill op"]
[Site "Montreal"]
[Date "2015.05.01"]
[Round "1"]
[White "Chabot, Roland"]
[Black "Gauthier, Denis"]
[Result "1-0"]
[WhiteElo "2183"]
[BlackElo "1843"]
[PlyCount "81"]
[EventDate "2015.05.01"]
[EventType "swiss"]
[EventRounds "5"]
[EventCountry "CAN"]
[SourceTitle "EXT 2019"]
[Source "ChessBase"]
[SourceDate "2018.10.10"]
[SourceVersion "1"]
[SourceVersionDate "2018.10.10"]
[SourceQuality "1"]

1. e4 c5 2. c3 Nf6 3. d3 Nc6 4. f4 d6 5. Be2 Qc7 6. a4 c4 7. Na3 cxd3 8. Bxd3 a6 9. Nf3 e6 10. 0-0 Be7 11. Kh1 0-0 12. Be3 b6 13. Bg1 Bb7 14. Qc2 Rac8 15. Rad1 Nd7 16. Qe2 Nc5 17. Bc2 f6 18. b4 Nd7 19. Bb3 Nd8 20. Rc1 Kh8 21. Nd4 e5 22. Nf5 Nb8 23. Bxb6 Qxb6 24. Nxe7 Rc7 25. Nd5 Bxd5 26. Bxd5 Rc8 27. f5 Nbc6 28. Qh5 Ne7 29. Bb3 Qe3 30. Qf3 Qg5 31. Rcd1 Nb7 32. Nc4 Rfd8 33. Nb6 Rc7 34. Nd5 Nxd5 35. Bxd5 Rdd7 36. Rd3 Nd8 37. Qd1 Qh4 38. Rh3 Qg5 39. Rh5 Qe3 40. Rf3 Qb6 41. Rxh7+ 1-0

[Event "Montreal Varennes op"]
[Site "Montreal"]
[Date "2014.11.09"]
[Round "4"]
[White "Hebert, Jean"]
[Black "Chabot, Roland"]
[Result "1-0"]
[WhiteElo "2461"]
[BlackElo "2191"]
[PlyCount "70"]
[EventDate "2014.11.07"]
[EventType "swiss"]
[EventRounds "5"]
[EventCountry "CAN"]
[SourceTitle "EXT 2022"]
[Source "ChessBase"]
[SourceDate "2021.10.06"]
[SourceVersion "1"]
[SourceVersionDate "2021.10.06"]
[SourceQuality "1"]

1. Nf3 Nf6 2. c4 g6 3. Nc3 Bg7 4. d4 0-0 5. Bg5 c5 6. d5 d6 7. e3 Qb6 8. Qc1 h6 9. Bh4 g5 10. Bg3 Nh5 11. Be2 Nd7 12. Qc2 f5 13. Nd2 Nxg3 14. hxg3 Nf6 15. f4 gxf4 16. gxf4 Ng4 17. Bxg4 fxg4 18. 0-0-0 Bf5 19. e4 Bd7 20. f5 Qa5 21. Rh4 b5 22. cxb5 a6 23. b6 Qxb6 24. Rxg4 Rab8 25. Rh1 Rf6 26. Rh3 Kf8 27. Rhg3 Rf7 28. Nc4 Qb4 29. b3 h5 30. Rg5 Bh6 31. Qd2 Rg7 32. Rxg7 Bxd2+ 33. Kxd2 Bxf5 34. exf5 Ke8 35. f6 Rd8 1-0

[Event "Montreal Varennes op"]
[Site "Montreal"]
[Date "2014.11.07"]
[Round "1"]
[White "Chabot, Roland"]
[Black "Gauthier, Denis"]
[Result "0-1"]
[WhiteElo "2191"]
[BlackElo "1914"]
[PlyCount "88"]
[EventDate "2014.11.07"]
[EventType "swiss"]
[EventRounds "5"]
[EventCountry "CAN"]
[SourceTitle "EXT 2022"]
[Source "ChessBase"]
[SourceDate "2021.10.06"]
[SourceVersion "1"]
[SourceVersionDate "2021.10.06"]
[SourceQuality "1"]

1. c4 e5 2. g3 Nc6 3. Bg2 f5 4. Nc3 Nf6 5. d3 Bb4 6. Bd2 0-0 7. Nd5 Nxd5 8. cxd5 Bxd2+ 9. Qxd2 Ne7 10. e4 d6 11. Ne2 Ng6 12. exf5 Bxf5 13. Nc3 h6 14. h3 Qf6 15. 0-0 Rae8 16. Ne4 Qf7 17. Qa5 a6 18. Rac1 Re7 19. Qb4 Bc8 20. Rc2 Kh8 21. Qb3 b6 22. a4 Bb7 23. Nc3 Qf6 24. Qc4 Ref7 25. Na2 Rd7 26. Nb4 a5 27. Na2 Ne7 28. Qb5 Rfd8 29. Rfc1 Nf5 30. Rxc7 Nd4 31. Qxb6 Ne2+ 32. Kh2 Nxc1 33. Nxc1 Rxc7 34. Qxc7 Rc8 35. Qxb7 Rxc1 36. Qa8+ Kh7 37. Qa7 h5 38. h4 Rc2 39. Be4+ Kg8 40. Qa8+ Kf7 41. Qa7+ Qe7 42. Qxa5 Rxf2+ 43. Kg1 Rxb2 44. Qa8 Qc7 0-1

[Event "Canadian op U2400"]
[Site "Montreal"]
[Date "2014.07.22"]
[Round "5"]
[White "Berube, Antoine"]
[Black "Chabot, Roland"]
[Result "1/2-1/2"]
[WhiteElo "2165"]
[BlackElo "2198"]
[PlyCount "67"]
[EventDate "2014.07.19"]
[EventType "swiss"]
[EventRounds "9"]
[EventCountry "CAN"]
[SourceTitle "EXT 2022"]
[Source "ChessBase"]
[SourceDate "2021.10.06"]
[SourceVersion "1"]
[SourceVersionDate "2021.10.06"]
[SourceQuality "1"]

1. d4 d6 2. c4 e5 3. Nf3 e4 4. Ng5 f5 5. g3 Be7 6. Nh3 c6 7. d5 Nf6 8. Nc3 0-0 9. Bg2 Nbd7 10. 0-0 Ne5 11. Qb3 Kh8 12. f3 exf3 13. exf3 Qa5 14. Re1 Bd8 15. f4 Nd3 16. Rd1 Nxc1 17. Raxc1 Ng4 18. Re1 h6 19. Kh1 Qc7 20. Re2 Bf6 21. Rce1 Bd7 22. Qc2 a5 23. Ng1 Bd4 24. Nf3 Ba7 25. h3 Nf6 26. Nh4 Rfe8 27. Nxf5 Rxe2 28. Rxe2 Bxf5 29. Qxf5 Qb6 30. Qb1 Qd4 31. Qf1 Rf8 32. Re7 Nh5 33. Ne2 Qxc4 34. dxc6 1/2-1/2

[Event "Quebec Carnaval op"]
[Site "Quebec"]
[Date "2014.01.26"]
[Round "4"]
[White "Chabot, Roland"]
[Black "Sambuev, Bator"]
[Result "0-1"]
[WhiteElo "2173"]
[BlackElo "2590"]
[PlyCount "60"]
[EventDate "2014.01.24"]
[EventType "swiss"]
[EventRounds "5"]
[EventCountry "CAN"]
[SourceTitle "EXT 2015"]
[Source "ChessBase"]
[SourceDate "2014.11.20"]
[SourceVersion "1"]
[SourceVersionDate "2014.11.20"]
[SourceQuality "1"]

1. d4 d5 2. c4 e6 3. Nc3 c5 4. cxd5 exd5 5. Nf3 Nc6 6. g3 Nf6 7. Bg2 Be7 8. 0-0 0-0 9. b3 b6 10. Bb2 Ba6 11. Rc1 Rc8 12. dxc5 d4 13. Nb1 bxc5 14. Bh3 Rc7 15. Bf5 Qd5 16. Bd3 Bb7 17. Bc4 Qh5 18. Nbd2 Ng4 19. Re1 Bg5 20. h4 Bh6 21. Ra1 Nce5 22. Nf1 Nxc4 23. bxc4 f5 24. Bc1 f4 25. Rb1 Be4 26. Rb5 d3 27. Bxf4 Rcf7 28. exd3 Ba8 29. Ne5 Rxf4 30. gxf4 Qxh4 0-1